000 00203nam a22000977a 4500
003 OSt
008 210116b ||||| |||| 00| 0 eng d
100 _aNair, K. K
_94873
245 _aUnniyarcha
942 _cBK
999 _c16573
_d16573